Corporate identity : představte se naplno

Cieľ každej úspešnej firmy - urobiť dojem, odlíšiť sa od konkurencie, získať zákazníka. Vysvetlenie pojmu "corporate identity "(CI). CI ako dôležitý prvok existencie firmy, založenej na jej histórii, filozofii, technológii,ľuďoch, na jej kultúrnych hodnotách a stratégii. Logo, firemná kultúra , inte...

Ausführliche Beschreibung

Gespeichert in:
Bibliographische Detailangaben
1. Verfasser: Cahel, Daniel
Format: Buchkapitel
Sprache:Tschechisch
Schlagworte:
Tags: Tag hinzufügen
Keine Tags, Fügen Sie das erste Tag hinzu!

MARC

LEADER 00000naa$a2200000$$$4500
001 0021378
005 20231018124106.2
041 0 |a cze 
044 |a CZ 
245 1 0 |a Corporate identity : představte se naplno  |c Daniel Cahel 
520 |a Cieľ každej úspešnej firmy - urobiť dojem, odlíšiť sa od konkurencie, získať zákazníka. Vysvetlenie pojmu "corporate identity "(CI). CI ako dôležitý prvok existencie firmy, založenej na jej histórii, filozofii, technológii,ľuďoch, na jej kultúrnych hodnotách a stratégii. Logo, firemná kultúra , interná a externá komunikácia ako súčasť CI.CI zamierená na služby a výrobky, prostredie výroby a predaja , poskytované informácie a interné prostredie firmy. 
610 2 0 |a identita podniková 
610 2 0 |a stratégia podniková 
610 2 0 |a správa podniku 
610 2 0 |a imidž 
610 2 0 |a kultúra podniková 
610 2 0 |a logo 
610 2 0 |a komunikácia externá 
610 2 0 |a komunikácia interná 
610 2 0 |a zákazníci 
610 2 0 |a zamestnanci 
610 2 0 |a konkurencia trhová 
100 1 |a Cahel, Daniel